|
|
|
|
| LEADER |
01158nam a2200301 a 4500 |
| 001 |
14993679 |
| 008 |
130121s2008 pauab b 001 0 eng d |
| 010 |
|
|
|a 2007036316
|
| 020 |
|
|
|a 9780781755641
|
| 020 |
|
|
|a 0781755646
|
| 040 |
|
|
|a DLC
|c DLC
|d DLC
|d BD-DhAAL
|
| 082 |
0 |
0 |
|a 614.4
|2 22
|
| 100 |
1 |
|
|a Rothman, Kenneth J.
|
| 245 |
1 |
0 |
|a Modern epidemiology /
|c Kenneth J. Rothman, Sander Greenland, Timothy L. Lash.
|
| 250 |
|
|
|a 3rd ed.
|
| 260 |
|
|
|a Philadelphia :
|b Wolters Kluwer Health/Lippincott Williams & Wilkins,
|c c2008.
|
| 300 |
|
|
|a x, 758 p. :
|b ill., map ;
|c 27 cm.
|
| 504 |
|
|
|a Includes bibliographical references (p. 683-734) and index.
|
| 541 |
1 |
|
|e 00026508
|
| 650 |
|
0 |
|a Epidemiology
|x Statistical methods.
|
| 650 |
|
0 |
|a Epidemiology
|x Research
|x Methodology.
|
| 650 |
1 |
2 |
|a Epidemiology.
|
| 650 |
2 |
2 |
|a Epidemiologic Methods.
|
| 700 |
1 |
|
|a Greenland, Sander,
|d 1951-
|
| 700 |
1 |
|
|a Lash, Timothy L.
|
| 852 |
1 |
|
|a Ayesha Abed Library
|j General Shelf.
|
| 999 |
|
|
|c 13113
|d 13113
|
| 952 |
|
|
|0 0
|1 0
|2 ddc
|4 0
|6 614_400000000000000_ROT
|7 0
|9 21827
|a BRACUL
|b JPGSPH
|c GEN
|d 2013-01-21
|e Trim Education
|g 9550.00
|l 0
|o 614.4 ROT
|p 3060026508
|r 2013-01-21
|t 1
|w 2013-01-21
|y BK
|